MARC

LEADER 00000nam0a2200000 4500
001 338807
005 20231102005102.0
035 |a (RuTPU)RU\TPU\book\365311 
090 |a 338807 
100 |a 20171204d1963 km y0rusy50 ca 
101 1 |a rus  |c eng 
102 |a RU 
105 |a a z 001zy 
200 1 |a Преобразование тепла и химической энергии в электроэнергию в ракетных системах  |e пер. с англ.  |f под ред. В. А. Кириллина, А. Е. Шейндлина 
210 |a Москва  |c Изд-во иностранной литературы  |d 1963 
215 |a 482 с.  |c ил. 
320 |a Библиография в конце статей 
606 1 |a Ракетная техника  |2 stltpush  |3 (RuTPU)RU\TPU\subj\23673  |9 48221 
606 1 |a Ракетные двигатели, электрические  |x Испытание  |2 stltpush  |3 (RuTPU)RU\TPU\subj\23732  |9 48268 
610 1 |a тепло 
610 1 |a химическая энергия 
610 1 |a преобразование в электрическую 
610 1 |a термоэлектрические генераторы 
610 1 |a термоэлектронные преобразователи 
610 1 |a фотоэлектрические элементы 
610 1 |a электрохимические элементы 
610 1 |a динамические системы 
610 1 |a магнитогидродинамические генераторы 
610 1 |a электростатические генераторы 
675 |a 629.76  |v 4 
675 |a 621.455  |v 4 
702 1 |a Кириллин  |b В. А.  |4 340 
702 1 |a Шейндлин  |b А. Е.  |4 340 
801 1 |a RU  |b 63413507  |c 20171204 
801 2 |a RU  |b 63413507  |c 20171208  |g RCR 
942 |c BK